000 00896nam a22002777a 4500
001 BR6900625
003 BR-BrBNA
005 20230928083546.0
007 ta
008 230509b bl.||||| |||| 00| 0 por d
040 _aBR-BrBNA
_bpor
_cBiblioteca Nacional de Agricultura
041 _a(Por)
072 _aK20
_b/G514
090 _ K20 BR6900625
110 1 _aInstituto Brasileiro de Desenvolvimento Florestal, Curitiba, PR
_95742
111 1 _aReuniao de Pesquisadores Florestais
_cCuritiba, PR (Brazil)
_d22-25 Sep 1969
245 1 _aPlano Regional de Pesquisa e Experimentacao Florestais da Regiao do Pinheiro Brasileiro
260 3 _aCuritiba, PR (Brasil):
_c1969.
300 _a286 p.
650 _aPLANEJAMENTO FLORESTAL
650 _aRECURSO FLORESTAL
650 _aINDUSTRIA FLORESTAL
650 _aPESQUISA FLORESTAL
909 _a202309
_bLucia
_c55
_dLucia Elande
942 _cBK
999 _c14156
_d14156